000 00387cam a22001217a 4500
008 180718b1986 xxu||||| |||| 00| 0 eng d
082 _aA81x54 In2/81/5/Pt 4 A
100 _aCensus of India 1981
245 _aGujarat: social and cultural tables
260 _aDelhi
_bThe Controller of Publications
_c1986
300 _a393+p.
440 _aCensus of India 1981. Series-5, Gujarat. Part IV-A
999 _c482027
_d482027